प्रभात पुष्प (Record no. 338289)

MARC details
000 -LEADER
fixed length control field 00505nam a2200169Ia 4500
008 - FIXED-LENGTH DATA ELEMENTS--GENERAL INFORMATION
fixed length control field 090711s9999 xx 000 0 und d
082 ## - DEWEY DECIMAL CLASSIFICATION NUMBER
Item number 1286
100 ## - MAIN ENTRY--PERSONAL NAME
Personal name कोटक वजु
245 ## - TITLE STATEMENT
Title प्रभात पुष्प
260 ## - PUBLICATION, DISTRIBUTION, ETC. (IMPRINT)
Name of publisher, distributor, etc प्रविण प्रकाशन
Date of publication, distribution, etc 2000
300 ## - PHYSICAL DESCRIPTION
Extent 271
600 ## - SUBJECT ADDED ENTRY--PERSONAL NAME
Personal name कोटक वजु
630 ## - SUBJECT ADDED ENTRY--UNIFORM TITLE
Uniform title प्रभात पुष्प
700 ## - ADDED ENTRY--PERSONAL NAME
Personal name कोटक वजु
730 ## - ADDED ENTRY--UNIFORM TITLE
Uniform title प्रभात पुष्प
942 ## - ADDED ENTRY ELEMENTS (KOHA)
Koha item type Book

No items available.